[Event "31st World Senior 65+"]
[Site "Citta del Mare ITA"]
[Date "2023.10.26"]
[Round "2.14"]
[White "Werner, Clemens"]
[Black "Castro Murillo, Gonzalo"]
[Result "1/2-1/2"]
[WhiteTitle "FM"]
[WhiteElo "2230"]
[BlackElo "2070"]
[WhiteFideId "4604636"]
[BlackFideId "3600149"]
[EventDate "2023.10.25"]

1. d4 Nf6 2. Bg5 e6 3. Nd2 h6 4. Bh4 d5 5. e3 Be7 6. Bd3 b6 7. c3 c5 8. Ngf3 Bb7
9. Ne5 Nbd7 10. f4 O-O 11. Qf3 Ne4 12. Bxe7 Nxd2 13. Bxd8 Nxf3+ 14. gxf3 Rfxd8
15. Rg1 f6 16. Ng6 Nf8 17. Kf2 Nxg6 18. Rxg6 Rd7 19. Rag1 Kf8 20. a3 Re7 21. h4
Bc6 22. Rc1 Be8 23. Rgg1 Rc8 24. Ba6 Rcc7 25. Bd3 e5 26. Rge1 exf4 27. exf4 Bf7
28. Rxe7 Rxe7 29. Re1 Rxe1 30. Kxe1 Ke7 31. Ke2 Kd6 32. Ke3 1/2-1/2

[Event "31st World Senior 65+"]
[Site "Citta del Mare ITA"]
[Date "2023.10.26"]
[Round "2.15"]
[White "Pereira, Silvio Cunha"]
[Black "Reprintsev, Alexander"]
[Result "0-1"]
[WhiteTitle "IM"]
[BlackTitle "IM"]
[WhiteElo "2071"]
[BlackElo "2227"]
[WhiteFideId "2100703"]
[BlackFideId "14100541"]
[EventDate "2023.10.25"]

1. e4 d5 2. exd5 Qxd5 3. Nc3 Qa5 4. d4 Nf6 5. Bc4 Nc6 6. Ne2 Bg4 7. f3 Be6 8.
Bxe6 fxe6 9. O-O O-O-O 10. Qe1 e5 11. dxe5 Qxe5 12. Qf2 e6 13. Be3 Nd5 14. Ne4
Nxe3 15. Qxe3 Qxb2 16. c3 Qb6 17. Qxb6 axb6 18. Nf4 e5 19. Ne6 Re8 20. Nxf8
Rhxf8 21. Rfd1 Rd8 22. Kf2 h6 23. Ke3 Ne7 24. a4 Nd5+ 25. Kf2 Nf4 26. Rdb1 Rd5
27. Ra2 Rfd8 28. c4 Ra5 29. Rb5 Rd4 30. Rxa5 bxa5 31. g3 Nd3+ 32. Ke3 Nb4 33.
Rd2 Rxc4 34. f4 exf4+ 35. gxf4 Nc2+ 36. Kd3 Rd4+ 37. Kxc2 Rxe4 0-1

[Event "31st World Senior 65+"]
[Site "Citta del Mare ITA"]
[Date "2023.10.26"]
[Round "2.16"]
[White "Doncevic, Dario"]
[Black "Hewson, Brian W R"]
[Result "1-0"]
[WhiteTitle "IM"]
[WhiteElo "2219"]
[BlackElo "2062"]
[WhiteFideId "14504553"]
[BlackFideId "437484"]
[EventDate "2023.10.25"]

1. g3 g6 2. Bg2 Bg7 3. c4 c5 4. Nc3 Nc6 5. d3 d6 6. Rb1 Bd7 7. Bd2 Nf6 8. a3 a5
9. b3 O-O 10. Qc1 Qc8 11. Bh6 Re8 12. h4 Ne5 13. Bxg7 Kxg7 14. Nd5 Nxd5 15. cxd5
h5 16. Qb2 f6 17. Rc1 Qb8 18. Nf3 Nxf3+ 19. Bxf3 a4 20. b4 cxb4 21. Qxb4 Rc8 22.
Kd2 Qa7 23. d4 Kf7 24. Be4 b5 25. Bd3 Qb6 26. e3 Qb7 27. e4 Qb6 28. Rxc8 Rxc8
29. Rc1 Rxc1 30. Kxc1 Qc7+ 31. Kd2 Qb6 32. Be2 Qa7 33. Qc3 Qb6 34. Ke3 Kg7 35.
Bd1 Qa7 36. Bc2 Qb6 37. Bd3 Qa7 38. Be2 Qb6 39. Qb4 Qc6 1-0

[Event "31st World Senior 65+"]
[Site "Citta del Mare ITA"]
[Date "2023.10.27"]
[Round "3.1"]
[White "Nunn, John D M"]
[Black "Halafov, Ilgar"]
[Result "1-0"]
[WhiteTitle "GM"]
[WhiteElo "2560"]
[BlackElo "2196"]
[WhiteFideId "400017"]
[BlackFideId "13401025"]
[EventDate "2023.10.25"]

1. e4 c6 2. d4 d5 3. e5 Bf5 4. Nf3 e6 5. Be2 Nd7 6. O-O a6 7. a4 h6 8. Nbd2 Ne7
9. c3 c5 10. dxc5 Nxc5 11. Nd4 Qc7 12. N2f3 g5 13. Nxf5 Nxf5 14. Nd4 Bg7 15.
Nxf5 exf5 16. Qxd5 Rd8 17. Qc4 Bxe5 18. f4 Bd6 19. Be3 Ne6 20. Qxc7 Bxc7 21.
fxg5 hxg5 22. Rxf5 Bxh2+ 23. Kf2 Bf4 24. Bc4 Bxe3+ 25. Kxe3 Rd6 26. Raf1 Rh7 27.
a5 Rg7 28. g3 Ke7 29. Bd5 Nd8 30. c4 Rh6 31. Re1 Nc6 32. Kd3+ Kd7 33. Bxf7 Nxa5
34. Be8+ Kc7 35. Rxa5 Rh3 36. Re3 1-0

[Event "31st World Senior 65+"]
[Site "Citta del Mare ITA"]
[Date "2023.10.27"]
[Round "3.2"]
[White "Ftacnik, Lubomir"]
[Black "Lind, Jan-Olov"]
[Result "1-0"]
[WhiteTitle "GM"]
[WhiteElo "2451"]
[BlackElo "2169"]
[WhiteFideId "14900017"]
[BlackFideId "1701193"]
[EventDate "2023.10.25"]

1. d4 Nf6 2. Nf3 g6 3. c4 Bg7 4. Nc3 O-O 5. e4 d6 6. Be2 e5 7. O-O exd4 8. Nxd4
Re8 9. f3 c6 10. Kh1 Na6 11. Be3 d5 12. cxd5 cxd5 13. Bxa6 bxa6 14. e5 Nd7 15.
f4 Bb7 16. Na4 Bf8 17. Rc1 Rc8 18. Qb3 Rb8 19. Qd3 Qa5 20. b3 Rbc8 21. Bd2 Qd8
22. Rxc8 Qxc8 23. Rc1 Qb8 24. Qh3 Nb6 25. Nc5 Bc8 26. Qd3 Bxc5 27. Rxc5 Bb7 28.
h3 Nd7 29. Rc2 Rc8 30. Bb4 Rxc2 31. Qxc2 Qd8 32. Bd6 Qb6 33. Qc3 a5 34. Qe3 Nc5
35. Bxc5 Qxc5 36. f5 gxf5 37. Qg5+ Kf8 38. Qd8+ Kg7 39. Nxf5+ 1-0

[Event "31st World Senior 65+"]
[Site "Citta del Mare ITA"]
[Date "2023.10.27"]
[Round "3.3"]
[White "Balashov, Yuri S"]
[Black "Moen, Ole Christian"]
[Result "0-1"]
[WhiteTitle "GM"]
[BlackTitle "FM"]
[WhiteElo "2390"]
[BlackElo "2157"]
[WhiteFideId "4100263"]
[BlackFideId "1500457"]
[EventDate "2023.10.25"]

1. Nf3 Nf6 2. c4 g6 3. Nc3 Bg7 4. d4 O-O 5. g3 c6 6. d5 cxd5 7. cxd5 Qa5 8. d6
exd6 9. Bd2 Nc6 10. Bg2 d5 11. O-O d4 12. Ne4 Qb6 13. Nd6 Qc5 14. Nxc8 Raxc8 15.
e3 dxe3 16. Bxe3 Qb4 17. Qd3 d5 18. a3 Qc4 19. Rad1 Rfd8 20. b3 Qxd3 21. Rxd3
Ne4 22. b4 Nc3 23. Re1 d4 24. Bg5 Re8 25. Kf1 h6 26. Bd2 Ne4 27. Bc1 f5 28. Bb2
Red8 29. Nd2 Ne5 30. Bxe4 fxe4 31. Rxd4 Nd3 32. Rxd8+ Rxd8 33. Bxg7 Nxe1 34.
Bxh6 Nc2 35. Nxe4 Nxa3 36. Be3 b6 37. Ke2 Nc2 38. Bd2 Rd4 39. Nc3 Rxb4 40. Kd3
Na3 41. Nd5 Rb3+ 42. Ke4 Nc4 43. Bf4 a5 44. Kd4 b5 0-1

[Event "31st World Senior 65+"]
[Site "Citta del Mare ITA"]
[Date "2023.10.27"]
[Round "3.4"]
[White "Smith, Robert W"]
[Black "Campora, Daniel H."]
[Result "1/2-1/2"]
[WhiteTitle "FM"]
[BlackTitle "GM"]
[WhiteElo "2162"]
[BlackElo "2343"]
[WhiteFideId "4300190"]
[BlackFideId "100013"]
[EventDate "2023.10.25"]

1. e4 e5 2. Nf3 Nc6 3. d4 exd4 4. Nxd4 Bc5 5. Be3 Qf6 6. c3 Nge7 7. Bc4 O-O 8.
O-O Ne5 9. Be2 d6 10. Nd2 Bd7 11. f4 N5c6 12. N2b3 Bb6 13. Nc2 Qe6 14. Bxb6 axb6
15. Bf3 f5 16. Nbd4 Qh6 17. exf5 Nxf5 18. Nxf5 Bxf5 19. Ne3 Be6 20. Nd5 Rf7 21.
Qd2 Raf8 22. Rae1 Ne5 23. Be4 c6 24. Nxb6 Rxf4 25. Rxf4 Qxf4 26. Qxf4 Rxf4 27.
Bb1 Kf7 28. h3 h5 29. Rf1 Rxf1+ 30. Kxf1 h4 31. Kf2 Kf6 32. a4 Kg5 33. Ke3 Kf6
34. a5 g5 35. b4 g4 36. hxg4 Bxg4 37. Bc2 Ke7 38. Kf4 h3 39. gxh3 Bxh3 40. Ke3 1/2-1/2

[Event "31st World Senior 65+"]
[Site "Citta del Mare ITA"]
[Date "2023.10.27"]
[Round "3.5"]
[White "Birnboim, Nathan"]
[Black "Wengholm, Anders"]
[Result "1/2-1/2"]
[WhiteTitle "IM"]
[WhiteElo "2342"]
[BlackElo "2142"]
[WhiteFideId "2800209"]
[BlackFideId "1704818"]
[EventDate "2023.10.25"]

1. e4 d6 2. Bc4 Nf6 3. Nc3 e5 4. d3 Be7 5. f4 exf4 6. Bxf4 O-O 7. Qf3 Nc6 8.
Nge2 Ne5 9. Bxe5 dxe5 10. Nd5 Nxd5 11. Bxd5 c6 12. Bb3 Qa5+ 13. c3 Be6 14. Bxe6
fxe6 15. Qg4 Rf6 16. Ng3 Raf8 17. Rf1 Bc5 18. Rxf6 Rxf6 19. Nh5 Bf2+ 20. Ke2 Rf7
21. Kd2 Qd8 22. Rf1 Qe7 23. Kc2 a5 24. Ng3 Bxg3 25. Rxf7 Qxf7 26. Qxg3 Qf6 27.
Qe3 h6 28. Qc5 a4 29. c4 Kh7 30. g3 Qf3 31. Qxe5 1/2-1/2

[Event "31st World Senior 65+"]
[Site "Citta del Mare ITA"]
[Date "2023.10.27"]
[Round "3.6"]
[White "Renman, Nils-Gustaf"]
[Black "Furman, Boris"]
[Result "1/2-1/2"]
[WhiteTitle "IM"]
[BlackTitle "FM"]
[WhiteElo "2324"]
[BlackElo "2134"]
[WhiteFideId "1700367"]
[BlackFideId "4107187"]
[EventDate "2023.10.25"]

1. d4 Nf6 2. c4 e6 3. Nf3 d5 4. Nc3 Bb4 5. Qa4+ Nc6 6. a3 Bxc3+ 7. bxc3 Ne4 8.
e3 O-O 9. Bd3 Nd6 10. c5 Ne4 11. c4 Bd7 12. Qc2 f5 13. cxd5 exd5 14. O-O Rf6 15.
g3 Be8 16. Bb2 Bh5 17. Ne1 Qd7 18. f3 Ng5 19. Be2 Re8 20. Ng2 Nh3+ 21. Kh1 g5
22. Rae1 f4 23. exf4 gxf4 24. g4 Bg6 25. Bd3 Rxe1 26. Nxe1 Re6 27. Bf5 Bxf5 28.
Qxf5 Nf2+ 29. Kg1 Nh3+ 30. Kg2 Re2+ 31. Kxh3 Qxf5 32. gxf5 Rxb2 33. Nd3 Rd2 34.
Nxf4 Rxd4 35. Ne6 Rc4 36. Rg1+ Kf7 37. Rg7+ Kf6 38. Rxc7 Kxf5 39. Ng7+ Kg6 40.
Rxb7 Rxc5 41. Ne6 Rc3 42. Kg3 Rxa3 43. Nf4+ Kh6 44. Nxd5 Ne5 45. Kf4 Nxf3 46.
Nf6 Kg6 47. Nxh7 Nxh2 48. Nf8+ Kf6 49. Ke4 Ra5 1/2-1/2

[Event "31st World Senior 65+"]
[Site "Citta del Mare ITA"]
[Date "2023.10.27"]
[Round "3.8"]
[White "Roos, Jean-Luc"]
[Black "Rooze, Jan"]
[Result "1/2-1/2"]
[WhiteTitle "IM"]
[BlackTitle "IM"]
[WhiteElo "2156"]
[BlackElo "2245"]
[WhiteFideId "600601"]
[BlackFideId "200050"]
[EventDate "2023.10.25"]

1. e4 g6 2. d4 Bg7 3. Nf3 d6 4. Nc3 Nf6 5. Be2 O-O 6. O-O c6 7. a4 a5 8. Nd2 Na6
9. Nb3 Nb4 10. Be3 d5 11. e5 Ne8 12. Qd2 f6 13. f4 b6 14. Bf3 Bf5 15. Rac1 Qd7
16. h3 Nc7 17. Ne2 Rad8 18. Ng3 Be6 19. c3 Nba6 20. Ra1 Nb8 21. Nc1 Qe8 22. Nd3
Bc8 23. Rf2 Ba6 24. Be2 f5 25. b4 Ne6 26. h4 Bc4 27. Bd1 Nd7 28. Nb2 Ba6 29. Bb3
Nc7 30. c4 axb4 31. Qxb4 e6 32. a5 Rb8 33. cxd5 Nxd5 34. Bxd5 cxd5 35. Qd6 Rf7
36. axb6 Rxb6 37. Qc7 Bf8 38. h5 Qb8 39. Qxb8 Nxb8 40. hxg6 hxg6 41. Nd1 Rc7 42.
Rb2 Rcb7 43. Rab1 Nd7 44. Kf2 Bb4 45. Ra1 Bc4 46. Bd2 Nc5 47. Bxb4 Nd3+ 48. Kg1
Nxb2 49. Bc5 Rb3 50. Nxb2 Rxb2 51. Ra8+ Rb8 52. Ra7 R2b7 53. Ra5 Rb3 54. Bd6
R8b7 55. Ra8+ Kf7 56. Kh2 Rd3 57. Bc5 Rd2 58. Kh3 Ra2 59. Rf8+ Kg7 60. Re8 Rbb2
61. Re7+ Kh8 62. Re8+ Kg7 63. Re7+ Kh6 64. Rxe6 Bd3 65. Bf8+ Kh7 66. Kh4 Rxg2
67. Re7+ Kg8 68. Bh6 Rg1 69. e6 Rh2+ 70. Kg5 Rxg3+ 71. Kf6 Rxh6 72. Re8+ Kh7 73.
Re7+ Kg8 1/2-1/2

[Event "31st World Senior 65+"]
[Site "Citta del Mare ITA"]
[Date "2023.10.27"]
[Round "3.9"]
[White "Reprintsev, Alexander"]
[Black "Giacomini, Hector"]
[Result "1/2-1/2"]
[WhiteTitle "IM"]
[WhiteElo "2227"]
[BlackElo "2127"]
[WhiteFideId "14100541"]
[BlackFideId "605352"]
[EventDate "2023.10.25"]

1. e4 c6 2. Nf3 d5 3. e5 Bg4 4. Be2 e6 5. O-O Ne7 6. d4 Nf5 7. Nbd2 c5 8. c4 Nc6
9. dxc5 Bxc5 10. Nb3 Bb6 11. Bg5 Nfe7 12. Nfd2 Bxe2 13. Qxe2 Qd7 14. Rad1 O-O
15. Ne4 Ng6 16. Nec5 Qc8 17. cxd5 Ncxe5 18. Be3 exd5 19. Rxd5 Qg4 20. Re1 Rad8
21. Qxg4 Nxg4 22. Rxd8 Rxd8 23. Nxb7 Re8 24. N7c5 Nxe3 25. fxe3 Re5 26. Nd3 Rxe3
27. Rxe3 Bxe3+ 28. Kf1 Kf8 29. Na5 Ke7 30. b4 Bb6 31. Nc4 Bc7 32. g3 Ke6 33. Ke2
Kd5 1/2-1/2

[Event "31st World Senior 65+"]
[Site "Citta del Mare ITA"]
[Date "2023.10.27"]
[Round "3.10"]
[White "Meulders, Richard"]
[Black "Doncevic, Dario"]
[Result "1/2-1/2"]
[WhiteTitle "FM"]
[BlackTitle "IM"]
[WhiteElo "2134"]
[BlackElo "2219"]
[WhiteFideId "200123"]
[BlackFideId "14504553"]
[EventDate "2023.10.25"]

1. d4 g6 2. e4 Bg7 3. Nf3 d6 4. h3 a6 5. a4 Nf6 6. Bd3 Nc6 7. c3 e5 8. d5 Ne7 9.
c4 O-O 10. Nc3 a5 11. Bg5 Nd7 12. Qd2 Nc5 13. Bc2 f6 14. Be3 f5 15. O-O-O b6 16.
Bh6 f4 17. Bxg7 Kxg7 18. Ne1 Ba6 19. b3 Ng8 20. f3 Nf6 21. Nd3 Nxd3+ 22. Bxd3
Nh5 23. Ne2 Qh4 24. Qe1 Ng3 25. Kc2 g5 26. Rg1 Bc8 27. Nc3 Rf7 28. Qf2 Qh6 29.
Ne2 Qh4 30. Nc3 Nf5 31. Qxh4 Ne3+ 32. Kd2 gxh4 33. Rde1 Kf6 34. Nd1 Nxd1 35.
Kxd1 Rg7 36. Ke2 Bd7 37. Kf2 Rag8 38. Be2 Ke7 39. Rd1 Rg3 40. Bd3 Kd8 41. Be2
Kc8 42. Rc1 Kb7 43. Bd3 Be8 44. Rcd1 h6 45. Rc1 R8g7 46. Be2 Bg6 47. Bd3 Bh7 48.
Rcd1 c6 49. Rc1 Bg8 50. Be2 Bf7 51. Bd3 Be8 52. Be2 Kc7 53. Bd3 Kb7 54. Be2 R3g6
55. Bd3 Rg8 56. Be2 R6g7 57. Bd3 Bd7 58. Be2 Rg6 59. Bd3 Rc8 60. Rgd1 cxd5 61.
cxd5 Rgg8 62. Be2 Rc5 63. Rxc5 bxc5 64. Bc4 Kb6 65. Rc1 Bc8 66. Rb1 Ba6 67. Rc1
Ka7 68. Bxa6 Kxa6 69. Rc3 Rg7 70. Kf1 Rb7 71. Ke2 Rb4 72. Kd2 Kb6 73. Kc2 Kc7
74. Rc4 Rb8 75. Kb2 Kb6 76. Rc2 Ka6 77. Ka3 Rb4 78. Rc4 Kb6 79. Kb2 Kc7 80. Ka3
Rb8 81. Kb2 Kb6 82. Rc2 Rb7 83. Kc3 Kc7 84. Kb2 Rb8 85. Ka3 Rb4 86. Rc4 Kb7 87.
Kb2 Ka7 88. Kc3 Ka6 89. Kb2 Rb7 90. Rc2 Rg7 91. Kc3 Kb7 92. Kc4 Ka6 93. Kc3 Rg8
94. Kb2 Rb8 95. Rc4 Rb7 1/2-1/2

[Event "31st World Senior 65+"]
[Site "Citta del Mare ITA"]
[Date "2023.10.27"]
[Round "3.11"]
[White "Biro, Sandor"]
[Black "Knaak, Rainer"]
[Result "1/2-1/2"]
[WhiteTitle "IM"]
[BlackTitle "GM"]
[WhiteElo "2087"]
[BlackElo "2451"]
[WhiteFideId "1200178"]
[BlackFideId "4611250"]
[EventDate "2023.10.25"]

1. e4 e5 2. Nf3 Nc6 3. d4 exd4 4. Bc4 Nf6 5. O-O Bc5 6. e5 d5 7. exf6 dxc4 8.
fxg7 Rg8 9. Bg5 Be7 10. Bxe7 Kxe7 11. Re1+ Be6 12. Re4 Rxg7 13. Nxd4 Nxd4 14.
Rxd4 Qg8 15. g3 Rd8 16. Nc3 Rg5 17. Rxd8 1/2-1/2

[Event "31st World Senior 65+"]
[Site "Citta del Mare ITA"]
[Date "2023.10.27"]
[Round "3.12"]
[White "Hammar, Bengt"]
[Black "Fernandez Garcia, Jose Luis"]
[Result "0-1"]
[WhiteTitle "FM"]
[BlackTitle "GM"]
[WhiteElo "2136"]
[BlackElo "2379"]
[WhiteFideId "1700391"]
[BlackFideId "2200023"]
[EventDate "2023.10.25"]

1. e4 e5 2. Nf3 Nc6 3. Bb5 a6 4. Ba4 Bc5 5. O-O Nge7 6. Nxe5 Nxe5 7. d4 b5 8.
Bb3 Bxd4 9. Qxd4 d6 10. c3 O-O 11. f4 N5c6 12. Qe3 Be6 13. f5 Bxb3 14. axb3 f6
15. Qg3 Qe8 16. Bf4 Kh8 17. Nd2 Rg8 18. Qd3 Qf7 19. c4 Rab8 20. Qc3 a5 21. Rf3
Rb7 22. Rf2 Rgb8 23. Nf3 bxc4 24. bxc4 Rb3 25. Qc1 R8b4 26. Rc2 Rxf3 27. gxf3
Nd4 28. Rxa5 Nxc2 29. Ra8+ Ng8 30. Qxc2 Rxc4 31. Qd3 Rb4 32. Bc1 Rb3 33. Qe2 h6
34. Be3 Kh7 35. Bd4 Rb4 36. Bc3 Rc4 37. Rd8 Rc5 38. Qg2 Ne7 39. Qg4 Nc6 40. Ra8
Ne5 41. Qg3 Qh5 42. f4 Qd1+ 43. Kg2 Qe2+ 44. Kh3 Qxe4 45. fxe5 Qxa8 46. exf6 Qf8
47. Qg6+ Kg8 48. Kg4 Qf7 49. Qxg7+ Qxg7+ 50. fxg7 Kf7 51. f6 Rg5+ 52. Kf4 Rh5
53. Kg3 c5 54. h4 Rd5 55. Kf4 Rd1 56. Kf5 d5 57. Be5 d4 58. Bf4 c4 59. Bxh6 c3
60. bxc3 dxc3 61. h5 c2 62. Be3 Rf1+ 63. Kg5 c1=Q 64. Bxc1 Rxc1 65. h6 Rh1 0-1

[Event "31st World Senior 65+"]
[Site "Citta del Mare ITA"]
[Date "2023.10.27"]
[Round "3.13"]
[White "Jansa, Vlastimil"]
[Black "Molchanov, Mykola"]
[Result "1-0"]
[WhiteTitle "GM"]
[WhiteElo "2358"]
[BlackElo "2108"]
[WhiteFideId "300128"]
[BlackFideId "14120232"]
[EventDate "2023.10.25"]

1. e4 c5 2. Nf3 g6 3. c3 Bg7 4. d4 cxd4 5. cxd4 d5 6. e5 a6 7. h3 Nc6 8. Nc3 f6
9. exf6 Nxf6 10. Bd3 O-O 11. O-O Nh5 12. Be3 Qd6 13. Rc1 e6 14. Re1 Bd7 15. Na4
Nb4 16. Bb1 Nf4 17. Nc5 Bc8 18. Qb3 Nc6 19. Nxb7 Bxb7 20. Qxb7 Na5 21. Qc7 Qxc7
22. Rxc7 Nxh3+ 23. Kf1 Nc4 24. b3 Nxe3+ 25. Rxe3 Nxf2 26. Rxg7+ Kxg7 27. Kxf2
Kf6 28. Ke2 Rfc8 29. Kd2 Rc7 30. Ne5 a5 31. Nd3 Re8 32. Nf4 Rd7 33. Bd3 Rd6 34.
Bb5 Rb8 35. a4 Rf8 36. Nd3 Ke7 37. Rh3 h5 38. Rg3 Rg8 39. Ne5 g5 40. Nc6+ Kf6
41. Rf3+ Kg7 42. Nxa5 g4 43. Rf4 Kg6 44. Nc6 Kg5 45. Rf2 Kh4 46. Ne5 Kg3 47. Ke3
Rb6 48. Nd3 Rc8 49. Nf4 Rc3+ 50. Bd3 Rxd3+ 51. Nxd3 Rxb3 52. Ra2 h4 53. Ke2 h3
54. gxh3 gxh3 55. a5 h2 56. Nf2 Rb1 57. a6 Rb8 58. a7 Ra8 59. Kf1 Kf4 60. Kg2 e5
61. Nd3+ Ke3 62. Nxe5 Kxd4 63. Nd7 Ke4 64. Nb6 Rh8 65. Kh1 d4 66. a8=Q+ Rxa8 67.
Rxa8 d3 68. Nc4 1-0

[Event "31st World Senior 65+"]
[Site "Citta del Mare ITA"]
[Date "2023.10.27"]
[Round "3.14"]
[White "Legky, Nikolay A"]
[Black "Taylor, Timothy"]
[Result "1-0"]
[WhiteTitle "GM"]
[BlackTitle "IM"]
[WhiteElo "2348"]
[BlackElo "2112"]
[WhiteFideId "14100312"]
[BlackFideId "2000393"]
[EventDate "2023.10.25"]

1. d4 d5 2. c4 e6 3. Nf3 c5 4. cxd5 exd5 5. g3 Nc6 6. Bg2 Nf6 7. O-O Be7 8. dxc5
Bxc5 9. a3 O-O 10. b4 Be7 11. Nc3 h6 12. Nd4 Nxd4 13. Qxd4 Be6 14. Bb2 a5 15. b5
Rc8 16. Rad1 Bc5 17. Qd3 Qe7 18. Na4 Ba7 19. b6 Bb8 20. Bxf6 Qxf6 21. Bxd5 Bd7
22. Qb3 Bxa4 23. Qxa4 Qxb6 24. Rb1 Qd6 25. Bxb7 Rc3 26. Rb3 Rxb3 27. Qxb3 Rd8
28. e4 Ba7 29. Bd5 Rb8 30. Bxf7+ Kh8 31. Qc4 Qxa3 32. Qc7 Qc5 33. Qxc5 Bxc5 34.
Rc1 Rc8 35. Kg2 g5 36. Be6 Rc7 37. f4 gxf4 38. gxf4 Bd6 39. Rxc7 Bxc7 40. e5 Kg7
41. Kf3 a4 42. Kg4 a3 43. Ba2 Bb6 44. f5 Bc7 45. f6+ Kg6 46. Bb1+ Kf7 47. Kf5
Kf8 48. Ba2 Bb6 49. e6 Bc5 50. Kg6 Bd6 51. e7+ Bxe7 52. fxe7+ Kxe7 53. Kxh6 Kf6
54. h4 Kf5 55. h5 Kf6 56. Bb3 1-0

[Event "31st World Senior 65+"]
[Site "Citta del Mare ITA"]
[Date "2023.10.27"]
[Round "3.15"]
[White "Chan, Peng Kong"]
[Black "Chapman, Terry P D"]
[Result "1/2-1/2"]
[WhiteTitle "IM"]
[BlackTitle "FM"]
[WhiteElo "2127"]
[BlackElo "2284"]
[WhiteFideId "5800129"]
[BlackFideId "413399"]
[EventDate "2023.10.25"]

1. d4 d5 2. c4 e6 3. Nf3 c6 4. e3 Bd6 5. b3 f5 6. Bd3 Nf6 7. O-O Qe7 8. Bb2 O-O
9. Qc1 b6 10. Ba3 Ne4 11. Bxd6 Qxd6 12. Qa3 c5 13. Rc1 Nd7 14. Nc3 Bb7 15. cxd5
exd5 16. Ba6 Bc6 17. Bb5 Nxc3 18. Bxc6 Ne2+ 19. Kf1 Qxc6 20. Rc2 Nxd4 21. exd4
Rfe8 22. Kg1 a5 23. Rd1 g6 24. Qc1 Rad8 25. h4 Qf6 26. Qf4 cxd4 27. Rcd2 Ne5 28.
Nxd4 Rd7 29. Re2 Rde7 30. Red2 Rd7 31. Re2 Rde7 32. Red2 1/2-1/2

[Event "31st World Senior 65+"]
[Site "Citta del Mare ITA"]
[Date "2023.10.27"]
[Round "3.16"]
[White "Povah, Nigel E"]
[Black "Huertas Soris, Ramon Antonio"]
[Result "1/2-1/2"]
[WhiteTitle "IM"]
[WhiteElo "2235"]
[BlackElo "2060"]
[WhiteFideId "400467"]
[BlackFideId "5122163"]
[EventDate "2023.10.25"]

1. e4 e6 2. d4 d5 3. e5 c5 4. c3 Bd7 5. Bd3 Qb6 6. Qe2 cxd4 7. Nf3 Nc6 8. O-O
Nge7 9. a3 Rc8 10. Re1 a6 11. h4 h6 12. h5 Rg8 13. Bh7 Rh8 14. Bd3 Rg8 15. Bh7
Rh8 16. Bd3 Rg8 1/2-1/2

[Event "31st World Senior 65+"]
[Site "Citta del Mare ITA"]
[Date "2023.10.28"]
[Round "4.2"]
[White "Moen, Ole Christian"]
[Black "Ftacnik, Lubomir"]
[Result "1-0"]
[WhiteTitle "FM"]
[BlackTitle "GM"]
[WhiteElo "2157"]
[BlackElo "2451"]
[WhiteFideId "1500457"]
[BlackFideId "14900017"]
[EventDate "2023.10.25"]

1. e4 c5 2. Nf3 d6 3. d4 cxd4 4. Nxd4 Nf6 5. Nc3 a6 6. Bd3 g6 7. f3 Bg7 8. Be3
Nbd7 9. Qd2 b5 10. Bh6 Bxh6 11. Qxh6 Qb6 12. Nb3 b4 13. Nd5 Nxd5 14. exd5 a5 15.
O-O-O Bb7 16. Qg7 Qe3+ 17. Kb1 Qe5 18. Qxe5 Nxe5 19. Bb5+ Kf8 20. Rhe1 a4 21.
Nc5 Ra5 22. Nd7+ Kg7 23. Nxe5 Rxb5 24. Nd3 Re8 25. Re4 Bxd5 26. Rxb4 Rxb4 27.
Nxb4 Bb7 28. b3 a3 29. c4 e5 30. Nc2 e4 31. Re1 f5 32. f4 g5 33. g3 gxf4 34.
gxf4 Ra8 35. Re3 d5 36. c5 Ba6 37. Nd4 Bd3+ 38. Kc1 Ra5 39. Kd2 Kf6 40. b4 Ra4
41. Kc3 Bc4 42. c6 Bxa2 43. c7 Ra8 44. Kd2 Bc4 45. Rxa3 e3+ 46. Rxe3 Rc8 47.
Re6+ Kf7 48. Rc6 Ke7 49. b5 Kd7 50. b6 Ba6 51. Rh6 Rg8 52. Nxf5 Rf8 53. Rd6+ 1-0

[Event "31st World Senior 65+"]
[Site "Citta del Mare ITA"]
[Date "2023.10.28"]
[Round "4.3"]
[White "Fernandez Garcia, Jose Luis"]
[Black "Varley, Peter"]
[Result "1-0"]
[WhiteTitle "GM"]
[BlackTitle "FM"]
[WhiteElo "2379"]
[BlackElo "2177"]
[WhiteFideId "2200023"]
[BlackFideId "1800159"]
[EventDate "2023.10.25"]

1. e4 e5 2. Nf3 Nc6 3. Bc4 Bc5 4. d3 Nf6 5. Nc3 d6 6. Na4 O-O 7. Nxc5 dxc5 8. h3
Qd6 9. O-O Na5 10. Nd2 a6 11. a3 Be6 12. Bxe6 Qxe6 13. b4 cxb4 14. axb4 Nc6 15.
Rb1 Rfd8 16. Qe1 Nh5 17. Nc4 b5 18. Ne3 Nf4 19. Nf5 g6 20. Nh6+ Kg7 21. Ng4 h5
22. Nh2 g5 23. Kh1 f6 24. Qd1 Rh8 25. Bxf4 exf4 26. Re1 Rad8 27. Qd2 Ne5 28. f3
Nc4 29. Qc3 Ne3 30. Nf1 Nxf1 31. Rxf1 Qe5 32. Rb3 Rhe8 33. Qxe5 fxe5 34. Ra1 Rd6
35. Rc3 Re7 36. Kg1 Kf6 37. Kf2 h4 38. Ke2 Rb6 39. Rc5 Rd7 40. Ra3 c6 41. c3 Rd8
42. Ra2 Rd7 43. Rd2 a5 44. bxa5 Ra6 45. d4 exd4 46. cxd4 b4 47. Kd3 Rda7 48. Kc4
Rxa5 49. Rxa5 Rxa5 50. Kxb4 Ra1 51. Kc5 Rc1+ 52. Kd6 1-0

[Event "31st World Senior 65+"]
[Site "Citta del Mare ITA"]
[Date "2023.10.28"]
[Round "4.4"]
[White "Koehler, Gerhard2"]
[Black "Jansa, Vlastimil"]
[Result "1/2-1/2"]
[BlackTitle "GM"]
[WhiteElo "2183"]
[BlackElo "2358"]
[WhiteFideId "12909700"]
[BlackFideId "300128"]
[EventDate "2023.10.25"]

1. c4 g6 2. Nc3 c5 3. g3 Bg7 4. Bg2 Nc6 5. Nf3 e5 6. d3 Nge7 7. Nd2 d6 8. Nf1
Be6 9. Ne3 O-O 10. Ned5 Rb8 11. h4 h5 12. e3 a6 13. a4 Bg4 14. Qb3 Nxd5 15. Nxd5
Na5 16. Qc2 b5 17. axb5 axb5 18. Bd2 b4 19. O-O Nc6 20. Ra6 b3 21. Qb1 Ne7 22.
Re1 Nxd5 23. Bxd5 Be6 24. Bxe6 fxe6 25. e4 Ra8 26. Qa1 Qc8 27. Rxa8 Qxa8 28.
Qxa8 Rxa8 29. Bg5 Kf7 30. Kf1 Ra2 31. Rb1 d5 32. Ke2 d4 33. f3 Bf6 34. Bd2 Bd8
35. Kd1 Ba5 36. Bg5 Bb4 37. Bh6 Ba5 38. Bg5 Bc7 39. Bd2 Bd8 40. Bh6 Be7 41. Bd2
Kg7 42. Ke2 Bd8 43. Bc1 Be7 1/2-1/2